Cuadernos de Psicoanálisis : vol. I, núm. 1 : enero-marzo 1965 /

Cuadernos de Psicoanálisis, revista de la Asociación Psicoanalítica Mexicana (APM), cuyo volumen I, número 1 (enero-marzo de 1965) está formado por los siguientes contenidos: 1) Editorial, por Luis Féder; 2) Presentación, por Avelino González Fernández; 3) Malintzin: los orígenes míticos de la mexic...

Descrición completa

Gardado en:
Detalles Bibliográficos
Outros autores: Féder, Luis (dirección) (dirección), González Fernández, Avelino (presentación) (presentación)
Formato: Libro
Idioma:Lingua castelá
Publicado: México : Asociación Psicoanalítica Mexicana, 1965
Edición:Reimpresión
Series:(Cuadernos de Psicoanálisis ; 1/1)
Temas:
Etiquetas: Engadir etiqueta
Sen Etiquetas, Sexa o primeiro en etiquetar este rexistro!

MARC

LEADER 00000nam^a2200000^a^4500
001 000629811
005 20260408000000.0
009 20260409133035.988
037 |a Acervo ITESO - Biblioteca 
041 |a ESP 
082 |a 150. 19505  |b CUA V. 1 T. 1 
240 1 1 |a [Cuadernos de Psicoanálisis] 
245 0 0 |a Cuadernos de Psicoanálisis :  |b vol. I, núm. 1 : enero-marzo 1965 /  |c Dir. de L. Féder ; presen. de A. González Fernández. 
250 |a Reimpresión 
264 1 |a México :  |b Asociación Psicoanalítica Mexicana,  |c 1965 
300 |a 116 p. 
336 |a texto  |b txt  |2 rdacontenido 
337 |a sin mediación  |b n  |2 rdamedio 
338 |a volumen  |b nc  |2 rdasoporte 
440 1 |a (Cuadernos de Psicoanálisis ;  |v 1/1) 
520 |a Cuadernos de Psicoanálisis, revista de la Asociación Psicoanalítica Mexicana (APM), cuyo volumen I, número 1 (enero-marzo de 1965) está formado por los siguientes contenidos: 1) Editorial, por Luis Féder; 2) Presentación, por Avelino González Fernández; 3) Malintzin: los orígenes míticos de la mexicanidad, por Agustín Palacios López; 3) Terminación de análisis, por Ramón Parres y Santiago Ramírez; 4) "Terminación del análisis": correlato oficial al trabajo, por Luis Féder y Francisco González Pineda; 5) El duelo patológico en la orfandad temprana, por José Remus Araico; 6) Aspectos normales y patológicos del duelo, por Avelino González Fernández; 7) Sección especial: Bibliografía de la Asociación Psicoanalítica Mexicana, y 8) Noticias: Breve reseña del V Congreso Psicoanalítico Latinoamericano y Breve reseña del I Congreso Panamericano de Psicoanálisis, ambas notas por Jesús Remus Araico, Sociedad Mexicana de Neurología y Psiquiatría, West Coast Psychoanalytic Society y Clínica de la APM. 
561 |a Ex libris manuscrito de Juan Diego Castillo Ramírez 
567 |a Catalogación rápida 
649 |a XX 
650 |a Psicoanálisis -  |x Publicaciones Periódicas -  |x Tema Principal 
650 |a Psicología -  |x Publicaciones Periódicas 
650 |a Publicaciones Periódicas Mexicanas 
650 |a Publicaciones Periódicas 
700 |a Féder, Luis  |e (dirección) 
700 |a González Fernández, Avelino  |e (presentación) 
910 |a Fondo Castillo-Martínez 
920 |a Impresos - Libros 
930 |a Fondos Especiales 
940 |a Jesuitas 
905 |a 127 
901 |a 629811-10  |b IT2  |c ESP  |i D129865  |u 20260408 
902 |a https://opac.biblio.iteso.mx/vufind/Record/000629811